Pays qui produisent le plus de films - Statistiques

Statistiques générales
  • Ce quiz a été pris 173 fois
  • Le résultat moyen est 16 sur 20
Statistiques - réponses
Rang Pays Films % Correct
4 États-Unis 660
99%
7 France 300
99%
1 Inde 1.986
99%
3 Chine 927
98%
10 Allemagne 233
95%
9 Espagne 241
95%
14 Brésil 160
93%
5 Japon 594
93%
13 Italie 173
90%
8 Royaume-Uni 285
90%
20 Canada 92
89%
16 Russie 128
89%
12 Mexique 176
83%
6 Corée du Sud 494
82%
11 Argentine 220
78%
15 Turquie 148
65%
18 Indonésie 117
54%
17 Suisse 118
52%
2 Nigéria 997
45%
19 Iran 98
39%
Aucun quiz correspondant
Distribution des résultats
% des personnes avec chaque résultat
Percentile par nombre de réponses
Votre historique - résultats
Vous n’avez pas pris ce quiz